000 00537pab a2200181 454500
008 180718b2012 xxu||||| |||| 00| 0 eng d
100 _aKaroshi, Vithal R.
245 _aForest plantations for climate change mitigation - Reviewing estimates of net primary productivity in forest plantations
260 _c2012
300 _ap.157-162.
362 _aJan-Mar
650 _aClimatic change
650 _aForests
700 _aNadagoudar, B.S.
773 _aIndian Journal of Agricultural Economics
908 _aN
909 _a95642
999 _c95642
_d95642